| 000 | 00459nam a2200169Ia 4500 | ||
|---|---|---|---|
| 008 | 221030s9999 xx 000 0 und d | ||
| 020 | _a8120329619 | ||
| 041 | _aEnglish | ||
| 082 |
_a105.23 _bTur |
||
| 100 | _aE. Turban | ||
| 245 | 0 |
_aDecision Support Systems & Intelligent Systems ( DEPARTMENTAL ) _cby E. Turban, J. E. Aronson |
|
| 260 |
_bPHI _aNew Delhi _c2006 |
||
| 300 | _a936 | ||
| 650 | _aCSE Departmental | ||
| 700 | _aJ. E. Aronson | ||
| 942 | _cBK | ||
| 999 |
_c3898 _d3898 |
||